000 00580nam a2200241Ia 4500
005 20260306150023.0
008 008 260114s9999 xx 000 0 eng d
020 _a9780812291278
037 _aEbook
040 _aCRL
040 _beng
040 _cCRL
041 _2eng
041 _aeng
084 _qCRL
245 0 _aEsperanto and Its Rivals
260 _bUniversity of Pennsylvania Press
260 _c2015
650 _aLinguistics and Semiotics
856 _uhttps://www.degruyter.com/isbn/9780812291278
942 _cEBOOK
999 _c1693089
_d1693089